Normal view
MARC view
- Palle E.T. Jorgensen
Entry Personal Name
001 - CONTROL NUMBER
- control field: 23743
003 - CONTROL NUMBER IDENTIFIER
- control field: NUST
005 - DATE AND TIME OF LATEST TRANSACTION
- control field: 20191014124816.0
008 - FIXED-LENGTH DATA ELEMENTS
- fixed length control field: 191014|| aca||aabn | a|a d
040 ## - CATALOGING SOURCE
- Original cataloging agency: NUST
- Transcribing agency: NUST
100 ## - HEADING--PERSONAL NAME
- Personal name: Palle E.T. Jorgensen
670 ## - SOURCE DATA FOUND
- Source citation: Work cat.: (NUST): Palle E.T. Jorgensen, Analysis and Probability Wavelets Sigtnals Fractals , 2006
